000 00721cam a2200193 i 4500
005 20251108173118.0
008 250721s2004 ua gr 000 0 ara d
020 _a9773580342
082 1 4 _a070.4068
_bر ب ي
100 1 _aربيع، عبد الجواد
_eمؤلف.
245 1 0 _aإدارة المؤسسات الصحفية :
_bدراسة في الواقع والمستجدات /
_cدكتور عبدالجواد سعسد محمد ربيع.
250 _aالطبعة الاولى.
264 1 _aالقاهرة :
_bدار الفجر للنشروالتوزيع,
_c2004.
300 _a217 صفحة.
650 1 7 _aالصحافة.
650 1 7 _aالإدارة.
942 _2ddc
_cBK
999 _c96311
_d96311